000 00400nam a2200145Ia 4500
008 151213s9999 xx 000 0 und d
100 _aII ( V. 11)
245 _aThe Norton Anthology of English Literature
_cII ( V. 11)
260 _aNew York
_bNorton & Company
_c2000
300 _a3575 p.
650 _aEnglish Literature
650 _aEnglish Literature
700 _aII ( V. 11)
999 _c2378
_d2378